000 00666nam a22001937a 4500
999 _c166521
_d166521
005 20190726125050.0
010 _aUR-10293
020 _c190.00
_a9789388736008
035 _aU-8848
037 _bDBAD/PUB
082 _a840.08
100 _aکا ظمی نصير فا طمہ
245 _aآ ءينہء ا د ب
_cکا ظمی نصير فا طمہ
246 _bAaina-e-Adab (Urdu)
_aby Nasir Fatima Kazmi
260 _a Delhi
_bEducational Publishing House
_c2018 ء
270 _a3191,Vakil Street,Kucha Pandit Lal Kuan,
_bDelhi
_e110006
_k23216162
_l0091-1123211540
300 _a120 ص
_c22 Cm(Hb)
942 _2ddc
_cUR
_h840.08
_mک ا ظ